[Event "DSJ Weihnachtsturnier U20w 2020"]
[Site "https://play.chessbase.com/en/play?room=DSJWeihnachtU20w"]
[Date "2020.12.29"]
[Round "3"]
[White "Butenandt, Svenja"]
[Black "Becker, Linda"]
[Result "1/2-1/2"]
[Termination "normal"]
[Board "2.3"]
[WhiteElo "2014"]
[BlackElo "1763"]
[WhiteTeam "Schachgesellschaft Solingen"]
[BlackTeam "Schachverein Hemer 1932"]
[PlyCount "80"]
[WhiteFideId "12993859"]
[BlackFideId "16244753"]
[EventRounds "7"]
[EventType "team-swiss"]
[EventDate "2020.12.29"]

1. d4 {[%emt 0:00:03]} d5 {[%emt 0:00:03]} 2. c4 {[%emt 0:00:03]} e6 {[%emt 0:
00:02]} 3. Nc3 {[%emt 0:00:02]} Nf6 {[%emt 0:00:02]} 4. cxd5 {[%emt 0:00:02]}
exd5 {[%emt 0:00:02]} 5. Bg5 {[%emt 0:00:01]} c6 {[%emt 0:00:01]} 6. e3 { [%emt
0:00:01]} Be6 {[%emt 0:00:09]} 7. Bd3 {[%emt 0:00:11]} Be7 {[%emt 0:00: 05]} 8.
Nge2 {[%emt 0:00:08]} Nbd7 {[%emt 0:00:03]} 9. Qc2 {[%emt 0:00:16]} h6 {[%emt
0:00:06]} 10. Bh4 {[%emt 0:00:02]} Nh5 {[%emt 0:00:04]} 11. Bxe7 { [%emt
0:00:08]} Qxe7 {[%emt 0:00:02]} 12. O-O {[%emt 0:00:02]} O-O {[%emt 0:00: 02]}
13. Rab1 {[%emt 0:00:06]} Nhf6 {[%emt 0:00:04]} 14. b4 {[%emt 0:00:11]} Rac8
{[%emt 0:00:12]} 15. Nf4 {[%emt 0:00:46]} b6 {[%emt 0:00:14]} 16. Qb3 { [%emt
0:00:39]} Qd6 {[%emt 0:00:30]} 17. Rfd1 {[%emt 0:00:39]} Kh8 {[%emt 0:00: 40]}
18. Be2 {[%emt 0:00:57]} Rfe8 {[%emt 0:00:33]} 19. b5 {[%emt 0:00:13]} Ne4
{[%emt 0:00:45]} 20. bxc6 {[%emt 0:00:49]} Nxc3 {[%emt 0:00:10]} 21. cxd7 {
[%emt 0:00:13]} Nxe2+ {[%emt 0:00:06]} 22. Nxe2 {[%emt 0:00:01]} Qxd7 {[%emt 0:
00:02]} 23. Nf4 {[%emt 0:00:11]} Rc4 {[%emt 0:00:32]} 24. Nd3 {[%emt 0:00:13]}
Bf5 {[%emt 0:00:15]} 25. Ne5 {[%emt 0:00:21]} Qe6 {[%emt 0:00:09]} 26. Rbc1 {
[%emt 0:00:53]} Rxc1 {[%emt 0:00:34]} 27. Rxc1 {[%emt 0:00:01]} Rc8 {[%emt 0:
00:03]} 28. Rxc8+ {[%emt 0:00:03]} Qxc8 {[%emt 0:00:02]} 29. h3 {[%emt 0:00:03]
} Be6 {[%emt 0:00:03]} 30. Qa3 {[%emt 0:00:11]} Qc7 {[%emt 0:00:14]} 31. Qf8+ {
[%emt 0:00:24]} Kh7 {[%emt 0:00:03]} 32. Qa8 {[%emt 0:00:31]} Qc1+ {[%emt 0:00:
11]} 33. Kh2 {[%emt 0:00:02]} Qa3 {[%emt 0:00:01]} 34. Nc6 {[%emt 0:00:10]}
Qxa2 {[%emt 0:00:08]} 35. Ne7 {[%emt 0:00:37]} f6 {[%emt 0:00:06]} 36. Qe8 {
[%emt 0:00:26]} Qxf2 {[%emt 0:00:37]} 37. Qg6+ {[%emt 0:00:50]} Kh8 {[%emt 0:
00:05]} 38. Qe8+ {[%emt 0:00:01]} Kh7 {[%emt 0:00:01]} 39. Qg6+ {[%emt 0:00:01]
} Kh8 {[%emt 0:00:01]} 40. Qe8+ {[%emt 0:00:01]} Kh7 {[%emt 0:00:01]} 1/2-1/2

[Event "DSJ Weihnachtsturnier U20w 2020"]
[Site "https://play.chessbase.com/en/play?room=DSJWeihnachtU20w"]
[Date "2020.12.29"]
[Round "3"]
[White "Dartmann Aubanell, Catriona"]
[Black "Sereda, Yaroslava"]
[Result "1/2-1/2"]
[Termination "normal"]
[Board "2.4"]
[WhiteElo "1820"]
[BlackElo "1750"]
[WhiteTeam "Schachverein Hemer 1932"]
[BlackTeam "Schachgesellschaft Solingen"]
[PlyCount "95"]
[WhiteFideId "24585270"]
[BlackFideId "14178940"]
[EventRounds "7"]
[EventType "team-swiss"]
[EventDate "2020.12.29"]

1. e4 {[%emt 0:00:07]} c5 {[%emt 0:00:14]} 2. Nf3 {[%emt 0:00:02]} Nc6 { [%emt
0:00:01]} 3. c3 {[%emt 0:00:06]} d5 {[%emt 0:00:49]} 4. exd5 {[%emt 0:00: 06]}
Qxd5 {[%emt 0:00:03]} 5. d4 {[%emt 0:00:03]} Bg4 {[%emt 0:00:12]} 6. Be2 {
[%emt 0:01:51]} Nf6 {[%emt 0:00:18]} 7. Be3 {[%emt 0:00:50]} cxd4 {[%emt 0:00:
40]} 8. cxd4 {[%emt 0:00:10]} e6 {[%emt 0:00:16]} 9. Nc3 {[%emt 0:00:13]} Qd8 {
[%emt 0:00:17]} 10. O-O {[%emt 0:00:16]} Rc8 {[%emt 0:00:25]} 11. Ne5 {[%emt 0:
01:10]} Bxe2 {[%emt 0:00:45]} 12. Nxe2 {[%emt 0:00:13]} Bd6 {[%emt 0:00:15]}
13. Qa4 {[%emt 0:00:25]} O-O {[%emt 0:00:40]} 14. Nxc6 {[%emt 0:00:58]} Rxc6 {
[%emt 0:00:17]} 15. Rac1 {[%emt 0:00:16]} Rxc1 {[%emt 0:00:37]} 16. Rxc1 {
[%emt 0:00:00]} Bb8 {[%emt 0:00:10]} 17. Bf4 {[%emt 0:00:30]} Bxf4 {[%emt 0:00:
15]} 18. Nxf4 {[%emt 0:00:00]} Qd6 {[%emt 0:00:04]} 19. Ne2 {[%emt 0:00:50]} a6
{[%emt 0:00:17]} 20. Qa5 {[%emt 0:00:17]} Ng4 {[%emt 0:00:30]} 21. g3 {[%emt 0:
00:11]} e5 {[%emt 0:00:04]} 22. dxe5 {[%emt 0:00:03]} Nxe5 {[%emt 0:00:03]} 23.
Qc7 {[%emt 0:00:14]} Nf3+ {[%emt 0:00:30]} 24. Kg2 {[%emt 0:00:05]} Qd5 { [%emt
0:00:27]} 25. Nf4 {[%emt 0:00:24]} Qe4 {[%emt 0:01:40]} 26. Rc4 {[%emt 0:
00:19]} Nd4+ {[%emt 0:00:04]} 27. Kg1 {[%emt 0:00:15]} Qe1+ {[%emt 0:00:27]}
28. Kg2 {[%emt 0:00:06]} Qe4+ {[%emt 0:00:14]} 29. Kg1 {[%emt 0:00:13]} b5 {
[%emt 0:00:05]} 30. Rc1 {[%emt 0:00:10]} Nf3+ {[%emt 0:00:07]} 31. Kg2 { [%emt
0:00:22]} Ng5+ {[%emt 0:00:04]} 32. Kg1 {[%emt 0:00:11]} Nf3+ {[%emt 0: 00:05]}
33. Kg2 {[%emt 0:00:01]} g5 {[%emt 0:00:02]} 34. Qc3 {[%emt 0:00:06]} gxf4
{[%emt 0:00:03]} 35. Qxf3 {[%emt 0:00:02]} Qxf3+ {[%emt 0:00:02]} 36. Kxf3
{[%emt 0:00:00]} fxg3 {[%emt 0:00:01]} 37. fxg3 {[%emt 0:00:01]} Kg7 {[%emt 0:
00:07]} 38. Rc6 {[%emt 0:00:03]} Ra8 {[%emt 0:00:01]} 39. Rb6 {[%emt 0:00:02]}
f6 {[%emt 0:00:03]} 40. Kf4 {[%emt 0:00:02]} Kg6 {[%emt 0:00:01]} 41. Rb7 {
[%emt 0:00:02]} Rd8 {[%emt 0:00:03]} 42. Ra7 {[%emt 0:00:03]} Rd6 {[%emt 0:00:
02]} 43. h4 {[%emt 0:00:03]} h5 {[%emt 0:00:01]} 44. Kf3 {[%emt 0:00:04]} Rb6 {
[%emt 0:00:01]} 45. Rc7 {[%emt 0:00:01]} Rd6 {[%emt 0:00:01]} 46. Ra7 {[%emt 0:
00:02]} Rd3+ {[%emt 0:00:02]} 47. Ke2 {[%emt 0:00:03]} Rd6 {[%emt 0:00:02]} 48.
Kf3 {[%emt 0:00:03]} 1/2-1/2

[Event "DSJ Weihnachtsturnier U20w 2020"]
[Site "https://play.chessbase.com/en/play?room=DSJWeihnachtU20w"]
[Date "2020.12.29"]
[Round "3"]
[White "Ziegenfuß, Antonia"]
[Black "Möller, Lisa-Marie"]
[Result "1-0"]
[Termination "normal"]
[Board "3.1"]
[WhiteTitle "WFM"]
[WhiteElo "2101"]
[BlackElo "1900"]
[WhiteTeam "OSG Baden-Baden"]
[BlackTeam "Düsseldorfer Schachklub 14/25"]
[PlyCount "63"]
[WhiteFideId "12962554"]
[BlackFideId "12959367"]
[EventRounds "7"]
[EventType "team-swiss"]
[EventDate "2020.12.29"]

1. d4 {[%emt 0:00:02]} c5 {[%emt 0:00:02]} 2. d5 {[%emt 0:00:01]} Nf6 {[%emt 0:
00:02]} 3. c4 {[%emt 0:00:08]} e6 {[%emt 0:00:02]} 4. Nc3 {[%emt 0:00:01]} exd5
{[%emt 0:00:02]} 5. cxd5 {[%emt 0:00:00]} d6 {[%emt 0:00:05]} 6. e4 {[%emt 0:
00:02]} g6 {[%emt 0:00:01]} 7. Nge2 {[%emt 0:00:02]} Bg7 {[%emt 0:00:01]} 8.
Ng3 {[%emt 0:00:01]} O-O {[%emt 0:00:02]} 9. Be2 {[%emt 0:00:01]} Re8 {[%emt 0:
00:21]} 10. O-O {[%emt 0:00:02]} Na6 {[%emt 0:00:11]} 11. Be3 {[%emt 0:00:41]}
Nc7 {[%emt 0:00:07]} 12. a4 {[%emt 0:00:02]} a6 {[%emt 0:00:03]} 13. f3 { [%emt
0:00:07]} Bd7 {[%emt 0:00:56]} 14. a5 {[%emt 0:00:12]} Rb8 {[%emt 0:00: 07]}
15. Qd2 {[%emt 0:00:15]} b5 {[%emt 0:00:09]} 16. Bf4 {[%emt 0:02:14]} Bc8
{[%emt 0:00:54]} 17. b4 {[%emt 0:00:23]} c4 {[%emt 0:00:18]} 18. Rae1 {[%emt 0:
00:14]} Bb7 {[%emt 0:00:24]} 19. Bd1 {[%emt 0:00:28]} Qd7 {[%emt 0:01:17]} 20.
Bh6 {[%emt 0:00:24]} Rbd8 {[%emt 0:00:16]} 21. Bxg7 {[%emt 0:00:16]} Kxg7 {
[%emt 0:00:00]} 22. Nf5+ {[%emt 0:00:21]} gxf5 {[%emt 0:00:35]} 23. Qg5+ {
[%emt 0:00:03]} Kf8 {[%emt 0:00:01]} 24. Qxf6 {[%emt 0:00:07]} Kg8 {[%emt 0:00:
26] Baden2-001 reconnected.} 25. exf5 {[%emt 0:00:56]} Rxe1 {[%emt 0:00:29]}
26. Rxe1 {[%emt 0:00:05]} Re8 {[%emt 0:00:01]} 27. Re4 {[%emt 0:00:57]} Rxe4 {
[%emt 0:00:13]} 28. Nxe4 {[%emt 0:00:08]} Nxd5 {[%emt 0:00:02]} 29. Qg5+ {
[%emt 0:00:06]} Kh8 {[%emt 0:00:08]} 30. f6 {[%emt 0:00:06]} Nxf6 {[%emt 0:01:
08]} 31. Nxf6 {[%emt 0:00:25]} Qd8 {[%emt 0:00:30]} 32. Qh6 {[%emt 0:00:04]}
1-0

[Event "DSJ Weihnachtsturnier U20w 2020"]
[Site "https://play.chessbase.com/en/play?room=DSJWeihnachtU20w"]
[Date "2020.12.29"]
[Round "3"]
[White "Rudolph, Eva"]
[Black "Ziegenfuß, Larissa"]
[Result "0-1"]
[Termination "normal"]
[Board "3.2"]
[WhiteElo "1860"]
[BlackElo "1752"]
[WhiteTeam "Düsseldorfer Schachklub 14/25"]
[BlackTeam "OSG Baden-Baden"]
[PlyCount "94"]
[WhiteFideId "16200594"]
[BlackFideId "12974722"]
[EventRounds "7"]
[EventType "team-swiss"]
[EventDate "2020.12.29"]

1. e4 {[%emt 0:00:02]} c5 {[%emt 0:00:02]} 2. Nf3 {[%emt 0:00:01]} d6 {[%emt 0:
00:01]} 3. d4 {[%emt 0:00:03]} cxd4 {[%emt 0:00:01]} 4. Nxd4 {[%emt 0:00:01]}
Nf6 {[%emt 0:00:01]} 5. Nc3 {[%emt 0:00:02]} a6 {[%emt 0:00:01]} 6. Be2 { [%emt
0:00:12]} e5 {[%emt 0:00:01]} 7. Nf3 {[%emt 0:00:11]} Be7 {[%emt 0:00:01] } 8.
O-O {[%emt 0:00:03]} O-O {[%emt 0:00:01]} 9. Bg5 {[%emt 0:00:06]} Qc7 { [%emt
0:00:04]} 10. Bxf6 {[%emt 0:00:20]} Bxf6 {[%emt 0:00:02]} 11. Nd5 { [%emt
0:00:01]} Qd8 {[%emt 0:00:02]} 12. c4 {[%emt 0:00:22]} Nd7 {[%emt 0:00: 22]}
13. Qc2 {[%emt 0:00:36]} Nc5 {[%emt 0:01:10]} 14. Rfd1 {[%emt 0:00:07]} Be7
{[%emt 0:01:19]} 15. Rac1 {[%emt 0:00:26]} f5 {[%emt 0:00:18]} 16. Nd2 { [%emt
0:01:06]} Bg5 {[%emt 0:00:30]} 17. f3 {[%emt 0:00:31]} fxe4 {[%emt 0:00: 57]}
18. fxe4 {[%emt 0:00:09]} Ne6 {[%emt 0:00:08]} 19. Rf1 {[%emt 0:00:27]} Nd4
{[%emt 0:00:43]} 20. Qd3 {[%emt 0:00:03]} Be6 {[%emt 0:00:16]} 21. Rxf8+ {
[%emt 0:00:27]} Qxf8 {[%emt 0:00:03]} 22. Rf1 {[%emt 0:00:02]} Qd8 {[%emt 0:00:
10]} 23. Nf3 {[%emt 0:00:37]} Bxd5 {[%emt 0:01:06]} 24. Nxd4 {[%emt 0:01:07]}
Qb6 {[%emt 0:00:15]} 25. cxd5 {[%emt 0:00:33]} Qxd4+ {[%emt 0:00:30]} 26. Qxd4
{[%emt 0:00:29]} exd4 {[%emt 0:00:01]} 27. Rd1 {[%emt 0:00:33]} Be3+ {[%emt 0:
00:02]} 28. Kf1 {[%emt 0:00:11]} Rc8 {[%emt 0:00:04]} 29. b4 {[%emt 0:00:52]}
Rc2 {[%emt 0:00:11]} 30. a3 {[%emt 0:00:15]} Ra2 {[%emt 0:00:06]} 31. Rd3 {
[%emt 0:00:11]} Kf7 {[%emt 0:00:14]} 32. g3 {[%emt 0:00:06]} Kf6 {[%emt 0:00:
01]} 33. h4 {[%emt 0:00:27]} Ke5 {[%emt 0:00:03]} 34. Ke1 {[%emt 0:00:13]} Kxe4
{[%emt 0:00:05]} 35. Rb3 {[%emt 0:00:05]} Kxd5 {[%emt 0:00:14]} 36. Bd3 { [%emt
0:00:04]} b5 {[%emt 0:00:12]} 37. Kd1 {[%emt 0:00:03]} Rg2 {[%emt 0:00: 08]}
38. Bf5 {[%emt 0:00:04]} g6 {[%emt 0:00:06]} 39. Bc8 {[%emt 0:00:02]} Kc4
{[%emt 0:00:06]} 40. Rb1 {[%emt 0:00:03]} Rg1+ {[%emt 0:00:40]} 41. Kc2 { [%emt
0:00:03]} Rxb1 {[%emt 0:00:02]} 42. Kxb1 {[%emt 0:00:02]} d3 {[%emt 0:00: 03]}
43. Bb7 {[%emt 0:00:04]} d5 {[%emt 0:00:09]} 44. Bxd5+ {[%emt 0:00:02]} Kxd5
{[%emt 0:00:03]} 45. Kb2 {[%emt 0:00:00]} Kc4 {[%emt 0:00:04]} 46. a4 { [%emt
0:00:04] .} Kxb4 {[%emt 0:00:02]} 47. axb5 {[%emt 0:00:02] .} axb5 { [%emt
0:00:01]} 0-1

[Event "DSJ Weihnachtsturnier U20w 2020"]
[Site "https://play.chessbase.com/en/play?room=DSJWeihnachtU20w"]
[Date "2020.12.29"]
[Round "3"]
[White "Visvikis, Kassandra"]
[Black "Sokolowski, Judith"]
[Result "0-1"]
[Termination "normal"]
[Board "3.3"]
[WhiteElo "1610"]
[BlackElo "1761"]
[WhiteTeam "OSG Baden-Baden"]
[BlackTeam "Düsseldorfer Schachklub 14/25"]
[PlyCount "52"]
[WhiteFideId "36052167"]
[BlackFideId "16200624"]
[EventRounds "7"]
[EventType "team-swiss"]
[EventDate "2020.12.29"]

1. e4 {[%emt 0:00:07]} c5 {[%emt 0:00:02]} 2. Nf3 {[%emt 0:00:05]} e6 {[%emt 0:
00:03]} 3. d4 {[%emt 0:00:04]} cxd4 {[%emt 0:00:02]} 4. Nxd4 {[%emt 0:00:03]}
Nf6 {[%emt 0:00:02]} 5. f3 {[%emt 0:00:11]} Nc6 {[%emt 0:00:16]} 6. Nc3 { [%emt
0:00:06]} Bb4 {[%emt 0:00:07]} 7. Nxc6 {[%emt 0:00:05]} bxc6 {[%emt 0:00: 06]}
8. Bd2 {[%emt 0:00:03]} d5 {[%emt 0:00:07]} 9. exd5 {[%emt 0:00:04]} Nxd5
{[%emt 0:00:22]} 10. Nxd5 {[%emt 0:00:06]} Bxd2+ {[%emt 0:00:08]} 11. Qxd2 {
[%emt 0:00:02]} cxd5 {[%emt 0:00:12]} 12. Bb5+ {[%emt 0:00:02]} Bd7 {[%emt 0:
00:05]} 13. Bxd7+ {[%emt 0:00:12]} Qxd7 {[%emt 0:00:03]} 14. Qd4 {[%emt 0:00:
07]} O-O {[%emt 0:00:05]} 15. O-O {[%emt 0:00:09]} Rab8 {[%emt 0:00:05]} 16.
Kh1 {[%emt 0:00:04]} Rfc8 {[%emt 0:00:18]} 17. c3 {[%emt 0:00:08]} Rxb2 { [%emt
0:00:15]} 18. Rfb1 {[%emt 0:00:34]} Qb5 {[%emt 0:00:48]} 19. Qd1 { [%emt
0:00:10]} Rb8 {[%emt 0:01:04]} 20. Rc1 {[%emt 0:00:21]} h6 {[%emt 0:00: 19]}
21. a4 {[%emt 0:00:42]} Qc4 {[%emt 0:00:26]} 22. a5 {[%emt 0:00:24]} a6 { [%emt
0:00:12]} 23. Ra4 {[%emt 0:00:08]} Qc5 {[%emt 0:00:52]} 24. Qd3 {[%emt 0:
02:05]} Qf2 {[%emt 0:01:02]} 25. Rg1 {[%emt 0:00:07]} Rd2 {[%emt 0:01:03]} 26.
Qxa6 {[%emt 0:00:06]} Rb1 {[%emt 0:00:16]} 0-1

[Event "DSJ Weihnachtsturnier U20w 2020"]
[Site "https://play.chessbase.com/en/play?room=DSJWeihnachtU20w"]
[Date "2020.12.29"]
[Round "3"]
[White "Cerkez, Lorena"]
[Black "Nanthivarman, Merymuthu"]
[Result "1-0"]
[Termination "time forfeit"]
[Board "3.4"]
[WhiteElo "1464"]
[BlackElo "1215"]
[WhiteTeam "Düsseldorfer Schachklub 14/25"]
[BlackTeam "OSG Baden-Baden"]
[PlyCount "57"]
[WhiteFideId "14418614"]
[BlackFideId "16255755"]
[EventRounds "7"]
[EventType "team-swiss"]
[EventDate "2020.12.29"]

1. e4 {[%emt 0:00:03]} e5 {[%emt 0:00:03]} 2. Nf3 {[%emt 0:00:04]} Nc6 { [%emt
0:00:02]} 3. Bc4 {[%emt 0:00:05]} h6 {[%emt 0:00:06]} 4. Nc3 {[%emt 0:00: 12]}
Nf6 {[%emt 0:00:02]} 5. d3 {[%emt 0:00:02]} Be7 {[%emt 0:00:08]} 6. O-O { [%emt
0:00:31]} d6 {[%emt 0:00:04]} 7. a4 {[%emt 0:00:15]} Bg4 {[%emt 0:00:06]} 8. h3
{[%emt 0:00:04]} Bh5 {[%emt 0:00:02]} 9. Be3 {[%emt 0:00:17]} O-O { [%emt
0:00:17]} 10. g4 {[%emt 0:01:37]} Bg6 {[%emt 0:00:08]} 11. Nh4 {[%emt 0:
00:05]} Kh8 {[%emt 0:01:20]} 12. f4 {[%emt 0:00:41]} Nxg4 {[%emt 0:01:22]} 13.
Nxg6+ {[%emt 0:00:14]} fxg6 {[%emt 0:00:05]} 14. Qxg4 {[%emt 0:00:03]} Bf6 {
[%emt 0:00:42]} 15. Qxg6 {[%emt 0:00:40]} Nd4 {[%emt 0:00:40]} 16. f5 {[%emt 0:
00:43]} Nxc2 {[%emt 0:00:30]} 17. Bxh6 {[%emt 0:01:30]} Qe7 {[%emt 0:02:11]}
18. Bd2 {[%emt 0:01:00]} d5 {[%emt 0:01:31]} 19. Bxd5 {[%emt 0:00:19]} Qe8 {
[%emt 0:01:09]} 20. Qxe8 {[%emt 0:00:49]} Raxe8 {[%emt 0:00:02]} 21. Rac1 {
[%emt 0:00:03]} Nb4 {[%emt 0:00:04]} 22. Kh2 {[%emt 0:00:20]} Nxd3 {[%emt 0:00:
02]} 23. Rb1 {[%emt 0:00:12]} c6 {[%emt 0:00:04]} 24. Bc4 {[%emt 0:00:09]} Rd8
{[%emt 0:00:01]} 25. Rf3 {[%emt 0:00:14]} Nc5 {[%emt 0:00:01]} 26. Be3 { [%emt
0:00:05]} Be7 {[%emt 0:00:03]} 27. Bxc5 {[%emt 0:00:16]} Bxc5 {[%emt 0: 00:06]}
28. Rd1 {[%emt 0:00:04]} a6 {[%emt 0:00:01]} 29. Rg3 {[%emt 0:00:09] TimeB} 1-0

[Event "DSJ Weihnachtsturnier U20w 2020"]
[Site "https://play.chessbase.com/en/play?room=DSJWeihnachtU20w"]
[Date "2020.12.29"]
[Round "3"]
[White "Werner, Rosalie"]
[Black "Rogozenco, Teodora"]
[Result "0-1"]
[Termination "normal"]
[Board "4.1"]
[BlackTitle "WFM"]
[WhiteElo "1751"]
[BlackElo "1978"]
[WhiteTeam "VSG 1880 Offenbach"]
[BlackTeam "Hamburger SK von 1830"]
[PlyCount "62"]
[WhiteFideId "16223748"]
[BlackFideId "12938084"]
[EventRounds "7"]
[EventType "team-swiss"]
[EventDate "2020.12.29"]

1. e4 {[%emt 0:00:03]} e5 {[%emt 0:00:04]} 2. Nf3 {[%emt 0:00:03]} Nc6 { [%emt
0:00:01]} 3. Bc4 {[%emt 0:00:02]} Bc5 {[%emt 0:00:05]} 4. c3 {[%emt 0:00: 02]}
Nf6 {[%emt 0:00:04]} 5. d3 {[%emt 0:00:05]} d6 {[%emt 0:00:04]} 6. Bb3 { [%emt
0:00:05]} O-O {[%emt 0:00:04]} 7. h3 {[%emt 0:00:03]} d5 {[%emt 0:00:15]} 8.
Qe2 {[%emt 0:00:04]} Re8 {[%emt 0:01:35]} 9. Nbd2 {[%emt 0:00:13]} Ne7 { [%emt
0:00:06]} 10. Nf1 {[%emt 0:00:12]} Ng6 {[%emt 0:00:08]} 11. Ng3 {[%emt 0:
00:07]} Nf4 {[%emt 0:00:05]} 12. Qf1 {[%emt 0:00:59]} dxe4 {[%emt 0:00:09]} 13.
dxe4 {[%emt 0:00:04]} Nd3+ {[%emt 0:00:13]} 14. Ke2 {[%emt 0:00:05]} Nxf2 {
[%emt 0:00:03]} 15. Bc2 {[%emt 0:00:43]} b6 {[%emt 0:00:28]} 16. b3 {[%emt 0:
00:29]} Ba6+ {[%emt 0:00:02]} 17. c4 {[%emt 0:00:02]} Bb7 {[%emt 0:00:01]} 18.
Be3 {[%emt 0:00:15]} N2xe4 {[%emt 0:00:14] Offenba2-001 reconnected.} 19. Nxe4
{[%emt 0:00:16]} Nxe4 {[%emt 0:00:02]} 20. Qe1 {[%emt 0:00:12]} Bxe3 {[%emt 0:
01:51]} 21. Kxe3 {[%emt 0:00:13]} Qf6 {[%emt 0:00:05]} 22. g3 {[%emt 0:00:11]}
Ng5 {[%emt 0:00:59]} 23. Nd2 {[%emt 0:00:49]} Rad8 {[%emt 0:00:26]} 24. Rf1 {
[%emt 0:00:12]} Qh6 {[%emt 0:00:03]} 25. Ke2 {[%emt 0:00:19]} e4 {[%emt 0:00:
08]} 26. Rf4 {[%emt 0:00:26]} Nf3 {[%emt 0:00:04]} 27. Qf1 {[%emt 0:00:28]}
Rxd2+ {[%emt 0:00:06]} 28. Ke3 {[%emt 0:00:02]} Qd6 {[%emt 0:00:07]} 29. Rf5 {
[%emt 0:00:31]} Qd4+ {[%emt 0:00:12]} 30. Kf4 {[%emt 0:00:01]} e3+ {[%emt 0:00:
01]} 31. Be4 {[%emt 0:00:06]} Qxe4# {[%emt 0:00:01]} 0-1

[Event "DSJ Weihnachtsturnier U20w 2020"]
[Site "https://play.chessbase.com/en/play?room=DSJWeihnachtU20w"]
[Date "2020.12.29"]
[Round "3"]
[White "Hubert, Charlotte"]
[Black "Buchholz, Maja"]
[Result "1-0"]
[Termination "normal"]
[Board "4.2"]
[WhiteElo "1549"]
[BlackElo "1713"]
[WhiteTeam "Hamburger SK von 1830"]
[BlackTeam "VSG 1880 Offenbach"]
[PlyCount "57"]
[WhiteFideId "16265920"]
[BlackFideId "16200500"]
[EventRounds "7"]
[EventType "team-swiss"]
[EventDate "2020.12.29"]

1. e4 {[%emt 0:00:06]} e6 {[%emt 0:00:01]} 2. d4 {[%emt 0:00:03]} d5 {[%emt 0:
00:01]} 3. Nd2 {[%emt 0:00:03]} Nf6 {[%emt 0:00:03]} 4. e5 {[%emt 0:00:05]}
Nfd7 {[%emt 0:00:01]} 5. Bd3 {[%emt 0:00:02]} c5 {[%emt 0:00:01]} 6. c3 { [%emt
0:00:01]} Nc6 {[%emt 0:00:01]} 7. Ne2 {[%emt 0:00:02]} cxd4 {[%emt 0:00: 02]}
8. cxd4 {[%emt 0:00:02]} f6 {[%emt 0:00:01]} 9. exf6 {[%emt 0:00:16]} Nxf6
{[%emt 0:00:02]} 10. Nf3 {[%emt 0:00:15]} Bd6 {[%emt 0:00:03]} 11. O-O { [%emt
0:00:27]} Qc7 {[%emt 0:00:02]} 12. Bg5 {[%emt 0:00:36]} O-O {[%emt 0:00: 02]}
13. Rc1 {[%emt 0:00:16]} h6 {[%emt 0:00:04]} 14. Bh4 {[%emt 0:00:31]} Nh5
{[%emt 0:00:08]} 15. Ng3 {[%emt 0:00:59]} Nf4 {[%emt 0:00:13]} 16. Ne2 { [%emt
0:00:59]} Nxd3 {[%emt 0:00:20]} 17. Qxd3 {[%emt 0:00:02]} Bd7 {[%emt 0: 00:16]}
18. Bg3 {[%emt 0:00:10]} Be8 {[%emt 0:00:11]} 19. Ne5 {[%emt 0:00:20]} Bh5
{[%emt 0:00:30]} 20. Nf4 {[%emt 0:00:24]} Bf7 {[%emt 0:01:02]} 21. Nxf7 { [%emt
0:00:55]} Qxf7 {[%emt 0:00:03]} 22. Ng6 {[%emt 0:00:33]} Rfd8 {[%emt 0: 00:07]}
23. Bxd6 {[%emt 0:00:14]} Rxd6 {[%emt 0:00:03]} 24. Qg3 {[%emt 0:00:19] } Rd7
{[%emt 0:00:34]} 25. Rfd1 {[%emt 0:00:21]} Rc8 {[%emt 0:00:12]} 26. Ne5 { [%emt
0:00:11]} Rdc7 {[%emt 0:00:41]} 27. Nxf7 {[%emt 0:00:04]} Nxd4 {[%emt 0:
00:01]} 28. Qxc7 {[%emt 0:00:50]} Rxc7 {[%emt 0:00:14]} 29. Rxc7 {[%emt 0:00:
03]} 1-0

[Event "DSJ Weihnachtsturnier U20w 2020"]
[Site "https://play.chessbase.com/en/play?room=DSJWeihnachtU20w"]
[Date "2020.12.29"]
[Round "3"]
[White "Dixon Quiroz, Laura Michaela"]
[Black "Wartenberg, Alissa"]
[Result "1-0"]
[Termination "normal"]
[Board "4.3"]
[WhiteElo "1304"]
[BlackElo "1562"]
[WhiteTeam "VSG 1880 Offenbach"]
[BlackTeam "Hamburger SK von 1830"]
[PlyCount "37"]
[WhiteFideId "16248708"]
[BlackFideId "16280741"]
[EventRounds "7"]
[EventType "team-swiss"]
[EventDate "2020.12.29"]

1. e4 {[%emt 0:00:02]} e5 {[%emt 0:00:03]} 2. Nf3 {[%emt 0:00:03]} Nc6 { [%emt
0:00:04]} 3. Bc4 {[%emt 0:00:04]} Bc5 {[%emt 0:00:05]} 4. c3 {[%emt 0:00: 04]}
Nf6 {[%emt 0:00:05]} 5. d4 {[%emt 0:00:07]} exd4 {[%emt 0:00:06]} 6. e5 { [%emt
0:00:04]} d5 {[%emt 0:00:12]} 7. Bb5 {[%emt 0:00:04]} Nd7 {[%emt 0:00:05] } 8.
cxd4 {[%emt 0:00:10]} Bb6 {[%emt 0:00:14]} 9. Nc3 {[%emt 0:00:11]} Ne7 { [%emt
0:00:18]} 10. O-O {[%emt 0:00:17]} a6 {[%emt 0:00:13]} 11. Bd3 {[%emt 0:
00:20]} Ng6 {[%emt 0:00:33]} 12. Nxd5 {[%emt 0:00:32]} Ba7 {[%emt 0:00:13]} 13.
Bg5 {[%emt 0:00:22]} f6 {[%emt 0:00:14]} 14. exf6 {[%emt 0:00:08]} gxf6 { [%emt
0:00:29]} 15. Re1+ {[%emt 0:00:14]} Kf7 {[%emt 0:00:22]} 16. Bh6 { [%emt
0:00:20]} c6 {[%emt 0:00:21]} 17. Ng5+ {[%emt 0:00:42]} fxg5 {[%emt 0:00: 20]}
18. Qf3+ {[%emt 0:00:17]} Kg8 {[%emt 0:00:16] HSK02-003 reconnected.} 19. Ne7+
{[%emt 0:01:37]} 1-0